000 00364nam a2200133 i 4500
001 bg
100 1 _aTĘCZYŃSKA, B.
245 0 _aWybrane zagadnienia z teorii drgań wraz z programami na mikrokomputer amstrad 6128 /
_cB. Tęczyńska.
260 _aSzczecin,
_c1990.
040 _cBPK
041 _apol
942 _cKS
008 s pl f |000 0 pol
999 _c4531
_d4531
856 _uhttp://koha.tu.koszalin.pl/cgi-bin/koha/opac-detail.pl?biblionumber=4531
_yKatalog online BPK